[Event "Friendly Thematic Games"]
[Site "SchemingMind.com"]
[Date "2009.03.04"]
[Round "-"]
[White "jtrochez1"]
[Black "aadaam"]
[Result "0-1"]
[WhiteCountry "HON"]
[BlackCountry "INT"]
[WhiteElo "1578"]
[WhiteRD "51"]
[BlackElo "1710"]
[BlackRD "50"]
[GameID "195054"]

1. Nc3 d5 2. d4 Bf5 3. Nf3 e6 4. e3 Nf6 5. h3 c6 6. Bd3 Bxd3 7. Qxd3 Nbd7 8. e4 dxe4 9. Nxe4 Nxe4 10. Qxe4 Nf6
11. Qd3 Be7 12. O-O O-O 13. c3 Qb6 14. b3 Rfd8 15. Qc2 Rac8 16. Qe2 c5 17. Bb2 cxd4 18. cxd4 Nd5 19. Rfc1 Bf6 20. Rxc8 Rxc8
21. Qd2 Qb4 22. Qxb4 Nxb4 23. Ne1 Rd8 24. a3 Nc6 25. Nf3 Nxd4 26. Nxd4 Bxd4 27. Bxd4 Rxd4 28. b4 f6 29. Kf1 Kf7 30. Ke2 h5
31. Ke3 e5 32. f3 Ke6 33. g4 hxg4 34. hxg4 a6 35. Ra2 g6 36. Rd2 Rxd2 37. Kxd2 Kd5 38. Kd3 f5 39. gxf5 gxf5 40. a4 b5
0-1

[Event "Friendly Thematic Games"]
[Site "SchemingMind.com"]
[Date "2009.03.04"]
[Round "-"]
[White "marble"]
[Black "aadaam"]
[Result "1/2-1/2"]
[WhiteCountry "ENG"]
[BlackCountry "INT"]
[WhiteElo "1915"]
[WhiteRD "56"]
[BlackElo "1739"]
[BlackRD "49"]
[GameID "195055"]

1. Nc3 Nf6 2. e4 e5 3. f4 d5 4. fxe5 Nxe4 5. Nxe4 dxe4 6. d4 exd3 7. Bxd3 Nc6 8. Nf3 Be7 9. Qe2 Nd4 10. Qe4 Nxf3+
11. Qxf3 Qd4 12. Qe3 Bb4+ 13. Kf2 Qxe3+ 14. Bxe3 O-O 15. Rad1 Be6 16. a3 Be7 17. Bd4 c5 18. Bc3 b6 19. Be4 Rad8 20. h3=
1/2-1/2

[Event "Friendly Thematic Games"]
[Site "SchemingMind.com"]
[Date "2009.03.09"]
[Round "-"]
[White "Shanks"]
[Black "aadaam"]
[Result "0-1"]
[WhiteCountry "ENG"]
[BlackCountry "INT"]
[WhiteElo "1447"]
[WhiteRD "72"]
[BlackElo "1677"]
[BlackRD "50"]
[GameID "195057"]

1. Nc3 d5 2. d4 Nf6 3. Nf3 Bf5 4. e3 e6 5. Nb1 Bd6 6. Nbd2 O-O 7. a3 c5 8. dxc5 Bxc5 9. Nb3 Be7 10. Nbd4 Bg6
11. Be2 Nc6 12. Nxc6 bxc6 13. O-O Rb8 14. Ne5 Qb6 15. Bd3 Bxd3 16. cxd3 Rfd8 17. d4 Nd7 18. Nxd7 Rxd7 19. Rb1 Bxa3 20. b3 Bd6
21. f4 a5 22. Bd2 Bb4 23. Bxb4 Qxb4 24. Qf3 c5 25. dxc5 Qxc5 26. h3 Rdb7 27. Kh1 Rxb3 28. Rxb3 Rxb3 29. Qe2 Rxe3 30. Qb2 h5
31. Qb8+ Kh7 32. Qb1+ f5 33. Qd1 g6 34. Rf3 Rxf3 35. gxf3 Qf2 36. Qg1 Qxf3+ 37. Qg2 Qxf4 38. Qg1 d4 39. Qd1 Qe4+ 40. Kh2 d3
41. Qg1 Qe2+ 42. Kg3 d2 43. Qa7+ Kh6 44. Qxa5 Qe3+ 45. Kg2 d1=Q
0-1

[Event "Friendly Thematic Games"]
[Site "SchemingMind.com"]
[Date "2009.03.04"]
[Round "-"]
[White "maro"]
[Black "aadaam"]
[Result "0-1"]
[WhiteCountry "MEX"]
[BlackCountry "INT"]
[WhiteElo "1340"]
[WhiteRD "48"]
[BlackElo "1739"]
[BlackRD "49"]
[GameID "195058"]

1. Nc3 d5 2. d4 Nf6 3. g3 e6 4. Bh3 c5 5. Be3 cxd4 6. Qxd4 Nc6 7. Qd2 Be7 8. O-O-O b6 9. Nf3 Bb7 10. Bf4 O-O
11. g4 Bd6 12. Bg5 Ne5 13. Bf4 Nxf3 14. exf3 Rc8 15. Nb5 Bxf4 16. Qxf4 Rc4 17. Rd4 a6 18. Rxc4 dxc4 19. Nd6 Bd5 20. g5 Nh5
21. Qe5 Bxf3 22. Rg1 Qe7 23. g6 hxg6 24. Bg4 Bxg4 25. Rxg4 f6 26. Nf5 gxf5
0-1

[Event "Friendly Thematic Games"]
[Site "SchemingMind.com"]
[Date "2009.03.05"]
[Round "-"]
[White "Norsland"]
[Black "aadaam"]
[Result "1-0"]
[WhiteCountry "USA"]
[BlackCountry "INT"]
[WhiteElo "1914"]
[WhiteRD "74"]
[BlackElo "1739"]
[BlackRD "49"]
[GameID "195059"]

1. Nc3 Nf6 2. f4 d5 3. e3 c5 4. Nf3 Nc6 5. Bb5 Qb6 6. b3 Bd7 7. Bb2 a6 8. Bxc6 Bxc6 9. Ne5 e6 10. O-O Be7
11. f5 O-O 12. Qe1 d4 13. Nd1 dxe3 14. Nxe3 exf5 15. Nxf5 Rfe8 16. Qg3 g6 17. Nxe7+
1-0

[Event "Friendly Thematic Games"]
[Site "SchemingMind.com"]
[Date "2009.03.04"]
[Round "-"]
[White "Heidi"]
[Black "aadaam"]
[Result "0-1"]
[WhiteCountry "USA"]
[BlackCountry "INT"]
[WhiteElo "943"]
[WhiteRD "65"]
[BlackElo "1739"]
[BlackRD "49"]
[GameID "195060"]

1. Nc3 Nf6 2. e4 c5 3. Nf3 Nc6 4. Bc4 e6 5. d4 cxd4 6. Nxd4 d6 7. Bb3 Be7 8. Be3 O-O 9. O-O a6 10. Re1 Bd7
11. Qd3 Rc8 12. Rad1 Ne5 13. Qe2 b5 14. Nb1 Nxe4 15. Kh1 Nc5 16. Bxe6 Nxe6 17. Nb3 Nc4 18. h3 Nxb2 19. Rd2 Nc4 20. Rd5 Bc6
21. Rh5 Nxe3 22. fxe3 g6 23. Rh6 Bg5 24. Rxh7 Kxh7 25. Nc3 Bxg2+ 26. Kxg2 Rxc3 27. Na5 Qxa5 28. Qd2 b4
0-1

[Event "Friendly Thematic Games"]
[Site "SchemingMind.com"]
[Date "2009.03.05"]
[Round "-"]
[White "reo"]
[Black "aadaam"]
[Result "1-0"]
[WhiteCountry "THA"]
[BlackCountry "INT"]
[WhiteElo "1861"]
[WhiteRD "71"]
[BlackElo "1739"]
[BlackRD "49"]
[GameID "195061"]

1. Nc3 c5 2. Nf3 Nc6 3. d4 cxd4 4. Nxd4 Nf6 5. e4 d6 6. Bg5 e6 7. Qd2 a6 8. O-O-O Be7 9. f4 O-O 10. Kb1 b5
11. Nxc6
1-0